| 000 | 00672ngm a2200169 a 4500 | ||
|---|---|---|---|
| 005 | 20210223124334.0 | ||
| 008 | 010910s1980 mx 016 aaspa d | ||
| 035 | _aUPN01000111115 | ||
| 049 | _aAV | ||
| 050 | 4 | _aPVI Q 1128 | |
| 245 | 0 | 1 | _a¿Cómo da forma el viento a la superficie de la tierra?. |
| 260 |
_aMéxico : _bPelículas Ebesa [distribuidor], _c[198-?]. |
||
| 300 |
_a1 videocasete (VHS) (16 min.) : _bson., col. |
||
| 520 | _aEste programa explora dos tipos de erosión causadas por el viento, presentando experimentos que demuestran cómo trabaja y examinando las características geológicas causadas | ||
| 650 | 4 |
_aEROSION _921696 |
|
| 905 | _aAudiovisuales | ||
| 999 |
_c85024 _d85024 |
||